| 000 | 00702nam a2200229Ia 4500 | ||
|---|---|---|---|
| 003 | GCL | ||
| 008 | 140319s9999 xx 000 0 ara d | ||
| 040 |
_aGCL / _cGCL |
||
| 082 | 0 | 4 |
_a910.02 _bص ا |
| 100 | 1 | _aصلاح الدين الشامى | |
| 245 | 1 | 0 |
_aاستخدام الارض: دراسة جغرافية / _cصلاح الدين الشامى |
| 260 |
_a[S.N] : _bمنشاة المعارف الاسلامية ، _c1990 |
||
| 300 | _a350 ص | ||
| 490 | _a | ||
| 650 | 0 | 4 | _aالجغرافيا الطبيعية |
| 650 | 0 | 4 | _aالجيولوجيا |
| 650 | 0 | 4 | _aالجغرافيا |
| 650 | 0 | 4 | _aالعلوم |
| 650 | 0 | 4 | _aفيزياء الارض |
| 650 | 0 | 4 | _aالارض |
| 942 |
_2ddc _cBK |
||
| 999 |
_c32997 _d32997 |
||